00501nam a2200157 450000500170000001000140001702000260003103500140005703700130007108200120008410000230009624500800011926000450019927000790024430000200032320201110154746.0 aEN-127591 c599.00a9789351951506 aEN-111123 bDBAD/PUB a749.159 a Viswanathan Anand aMind Master:cWinning Lessons from a Champion's life/bby Viswanathan Anand aGurugrambHachette Book Publishingc2019 a4th & 5th Floors, Corporate Centre, Plot no 094, Sec44, bGurugrame122003 a262p.c22cm(hb)